Hearing-handicapped adults /

Bibliographic Details
Main Author: Giolas, Thomas G.
Format: Book
Language:English
Published: Englewood Cliffs, N.J. : Prentice-Hall, [1982]
Series:Remediation of communication disorders.
Subjects:

MARC

Tag First Indicator Second Indicator Subfields
LEADER 00000pam a2200000 a 4500
001 in00000086366
005 20151008062700.0
008 810814s1982 njua b 00110 eng
010 |a  81013897  
020 |a 0133846938 
035 |a (OCoLC)07734215 
035 |9 AAK0726AM 
039 0 |a 2  |b 3  |c 3  |d 3  |e 3 
040 |a DLC  |c DLC  |d TXA  |d UtOrBLW 
049 |a TXAM  |c [1673440] 
050 0 0 |a HV2380  |b  G56 
082 0 |a 362.4/2  |2 19 
100 1 |a Giolas, Thomas G. 
245 1 0 |a Hearing-handicapped adults /  |c Thomas G. Giolas. 
264 1 |a Englewood Cliffs, N.J. :  |b Prentice-Hall,  |c [1982] 
264 4 |c ©1982 
300 |a xiii, 221 pages :  |b illustrations ;  |c 24 cm. 
336 |a text  |b txt  |2 rdacontent 
337 |a unmediated  |b n  |2 rdamedia 
338 |a volume  |b nc  |2 rdacarrier 
490 1 |a Remediation of communication disorders series 
500 |a Includes index. 
504 |a Bibliography: pages 205-213. 
650 0 |a Hearing impaired children. 
650 0 |a Hearing impaired  |x Rehabilitation. 
830 0 |a Remediation of communication disorders. 
999 |a MARS 
999 f f |s 7bb1a2eb-af5e-3a17-acc3-e65ccef1ef34  |i c8b03fde-4583-33c4-a037-0999336af8de  |t 0 
952 f f |p ric  |a Texas A&M University  |b Rellis Campus  |c Joint Library Facility  |d Remote Storage  |t 0  |e HV2380 G56  |h Library of Congress classification  |i unmediated -- volume  |m A14805958069 
998 f f |a HV2380 G56  |t 0  |l Remote Storage